Βυζαντινή Ιστοριογραφία : (324-1204) σύντομη επισκόπηση

Αποθηκεύτηκε σε:
Λεπτομέρειες βιβλιογραφικής εγγραφής
Κύριος συγγραφέας: Βασιλικοπούλου-Ιωαννίδου, Αγνή
Μορφή: Βιβλίο
Γλώσσα:Greek
Δημοσίευση: Αθήνα : [Καρδαμίτσα], [χ.χ.]
Θέματα:
Ετικέτες: Προσθήκη ετικέτας
Δεν υπάρχουν, Καταχωρήστε ετικέτα πρώτοι!

MARC

LEADER 00000nam a2200000 i 4500
001 1/13469
008 980316s0000 gre d
035 |l 10019053 
040 |a GR-MY-UA  |b gre  |e aacr 
041 0 |a gre 
082 0 |a 938.3 
100 1 |a Βασιλικοπούλου-Ιωαννίδου, Αγνή. 
245 1 0 |a Βυζαντινή Ιστοριογραφία :  |b (324-1204) σύντομη επισκόπηση /  |c Αγνής Βασιλικοπούλου - Ιωαννίδου 
260 |a Αθήνα :   |b [Καρδαμίτσα],   |c [χ.χ.] 
300 |a 94 σ. 
651 0 |a Byzantine Empire  |x Historiography. 
651 0 |a Byzantine Empire  |x History. 
852 |a INST  |b LESVOS  |e 19980316  |h 938.3 ΒΑΣ  |p 005100014768  |q 005100014768  |t BK  |y 0 
901 |a BIBL1-1998-2 
909 |a Λ  |b 054092 
922 |a 1ΕΛΗ  |b 199802  |c ΚΠΣ/ΤΚΑ  |d EMVASIS 
950 |a 117-1998-01-28 
970 |z 2000/06/ΟΙΚΟΝΟΜΟΠΟΥΛΟΥ ΧΡΙΣΤΙΝΑ